Save heritage from farming (Record no. 73157)

MARC details
000 -LEADER
fixed length control field 01095cam a2200205 4500
001 - CONTROL NUMBER
control field WB3930-05
008 - FIXED-LENGTH DATA ELEMENTS--GENERAL INFORMATION
fixed length control field 030805n2003 000 0 eng u
035 ## - SYSTEM CONTROL NUMBER
System control number (Sirsi) u123183
245 ## - TITLE STATEMENT
Title Save heritage from farming
260 ## - PUBLICATION, DISTRIBUTION, ETC.
Date of publication, distribution, etc. 2003
490 ## - SERIES STATEMENT
Series statement English Heritage Press Release
Volume/sequential designation 25 July 2003 (4)
520 ## - SUMMARY, ETC.
Summary, etc. English Heritage has launched a campaign to save ancient heritage from modern farming methods such as intensive ploughing. "Ripping up history" recommends an over-haul of current laws to protect scheduled monuments from cultivation and new agricultural schemes to reward farmers who care for the landscape and archaeological remains. "Ripping up history" leaflet available at www.english-heritage.org.uk/Filestore/policy/pdf/countryside/030725%20RippingUpHistory.pdf. www.english-heritage.org.uk/default.asp?WCI=NewsItem&WCE=324
590 ## - LOCAL NOTE (RLIN)
Local note WB
650 ## - SUBJECT ADDED ENTRY--TOPICAL TERM
Topical term or geographic name entry element FARMING METHODS
650 ## - SUBJECT ADDED ENTRY--TOPICAL TERM
Topical term or geographic name entry element ANCIENT MONUMENTS
650 ## - SUBJECT ADDED ENTRY--TOPICAL TERM
Topical term or geographic name entry element HERITAGE
650 ## - SUBJECT ADDED ENTRY--TOPICAL TERM
Topical term or geographic name entry element ARCHAELOGICAL SITES
690 ## - LOCAL SUBJECT ADDED ENTRY--TOPICAL TERM (OCLC, RLIN)
Topical term or geographic name as entry element BUILT ENVIRONMENT-BUILDING MAINTENANCE AND REFURBISHMENT-BUILDING CONSERVATION
942 ## - ADDED ENTRY ELEMENTS (KOHA)
Suppress in OPAC 0
Holdings
Withdrawn status Lost status Source of classification or shelving scheme Damaged status Not for loan Home library Current library Shelving location Date acquired Total Checkouts Full call number Barcode Date last seen Copy number Price effective from Koha item type
    Dewey Decimal Classification     London London News article 05/08/2003   WB3930-05 123183-1001 06/08/2019 1 06/08/2019 News article